000
00336 a2200157 4500
001
12674
020
_a
9788502102156
040
_c
Anchieta - Aquarius
100
_a
Clark,Julie Aigner
240
1
0
_a
*Baby da Vinci
_l
por
245
1
0
_a
*Baby da Vinci
300
_a
10
362
0
_a
2011
650
4
_a
Literatura infantil
942
_c
BK
999
_c
12674
_d
12674